000 00466nam a22001457a 4500
041 _aeng
080 _a81.2
090 _bШТО
100 _aШтойко Л. Л., Левчук Л. Г.
245 _aКазки і легенди народів світу. Книжка для читання англійською мовою у 6-7 класах
260 _aКиїв
_bРадянська школа
_c1983
300 _a112
650 _aReading
999 _c280041
_d280041
942 _cBK